[Event "Zuerich op 37th"]
[Site "Zuerich"]
[Date "2013.12.29"]
[Round "6"]
[White "Keller, Philipp"]
[Black "Baenziger, Fabian"]
[Result "0-1"]
[WhiteElo "1929"]
[BlackElo "1800"]
[PlyCount "108"]
[EventDate "2013.12.26"]
[EventType "swiss"]
[EventRounds "7"]
[EventCountry "SUI"]
[SourceTitle "CBM 158 Extra"]
[Source "ChessBase"]
[SourceDate "2014.02.28"]
[SourceVersion "1"]
[SourceVersionDate "2014.02.28"]
[SourceQuality "1"]

1. e4 c5 2. Nc3 Nc6 3. f4 g6 4. Nf3 Bg7 5. g3 e6 6. Bg2 Nge7 7. 0-0 0-0 8. d3 d6 9. Bd2 Rb8 10. Rb1 b5 11. Ne2 b4 12. c3 Ba6 13. c4 Qc7 14. b3 f5 15. Ng5 Bc8 16. Bc1 h6 17. Nf3 e5 18. Nd2 Be6 19. Bb2 Rbd8 20. Qc2 a5 21. Rbe1 Rf7 22. exf5 gxf5 23. Kh1 Ng6 24. Kg1 h5 25. fxe5 dxe5 26. Nf4 Nxf4 27. gxf4 Nd4 28. Bxd4 Rxd4 29. fxe5 Rg4 30. Nf3 Bh6 31. Kh1 Rfg7 32. Rg1 f4 33. d4 cxd4 34. Nxd4 Bc8 35. e6 Bb7 36. Nf3 Rxg2 37. Rxg2 Bxf3 38. Reg1 Qc6 39. e7 Bxg2+ 40. Rxg2 Rxg2 41. e8Q+ Qxe8 42. Qxg2+ Bg7 43. Qd5+ Kh8 44. c5 Qe2 45. h4 Qf1+ 46. Kh2 Qf2+ 47. Kh1 Qxh4+ 48. Kg1 Qe1+ 49. Kh2 Qe2+ 50. Kh1 Qe1+ 51. Kh2 Qh4+ 52. Kg1 f3 53. c6 Qg3+ 54. Kf1 Qg2+ 0-1

[Event "SUI-ch U12"]
[Site "Winterthur"]
[Date "2007.10.07"]
[Round "5"]
[White "Skouvaklis, Alexis"]
[Black "Keller, Philipp"]
[Result "1/2-1/2"]
[WhiteElo "1619"]
[BlackElo "1571"]
[PlyCount "37"]
[EventDate "2007.10.05"]
[EventType "swiss"]
[EventRounds "7"]
[EventCountry "SUI"]
[SourceTitle "EXT 2009"]
[Source "ChessBase"]
[SourceDate "2008.11.26"]
[SourceVersion "1"]
[SourceVersionDate "2008.11.26"]
[SourceQuality "1"]

1. e4 e5 2. Nf3 Nc6 3. d4 exd4 4. Nxd4 Bc5 5. Be3 Qf6 6. c3 Nge7 7. Bc4 0-0 8. 0-0 d6 9. f4 Be6 10. Be2 Rfe8 11. f5 Bd7 12. Qd2 d5 13. Nxc6 Bxe3+ 14. Qxe3 Bxc6 15. Qf4 dxe4 16. Qxc7 Nxf5 17. g4 Qd6 18. Qxd6 Nxd6 19. Na3 1/2-1/2